000 00566nam a22002057a 4500
005 20221102114025.0
008 160729b xxu||||| |||| 00| 0 eng d
020 _a9789385436000
_c499
040 _aLoreto College
_beng
041 _aEnglish
082 _a131
_bGOL
100 _aGoleman, Daniel
245 _aA force for good
_bThe Dalai Lama's vision for our world
_cDaniel Goleman
260 _aLondon
_bBloomsbury
_c2015
300 _aviii,256p
_b24 cm
600 _aDalai Lama
_d1935-
650 _aThe Dalai Lama's vision
850 _aLCLIB
942 _cBK
999 _c40748
_d91227